| 000 | 00000nam 2200000zi 4500 |
| 001 | 9.916449 |
| 003 | CaOODSP |
| 005 | 20221216103331 |
| 006 | m o d f |
| 007 | cr |n||||||||| |
| 008 | 221021t20222022onc ob f|0| 0 fre d |
| 040 | |aCaOODSP|bfre|erda|cCaOODSP |
| 043 | |an-cn--- |
| 086 | 1 |aYM32-3/441-C18F-PDF |
| 100 | 1 |aBrosseau, Laurence, |eauteur. |
| 245 | 10|aProjet de Loi C-18 : |bLoi concernant les plateformes de communication en ligne rendant disponible du contenu de nouvelles aux personnes se trouvant au Canada / |cLaurence Brosseau, Gabrielle de Billy Brown et Marion Ménard. |
| 246 | 17|aRésumé législative du projet de Loi C-18 |
| 264 | 1|aOttawa, Canada : |bBibliothèque du Parlement = Library of Parliament, |c2022. |
| 264 | 4|c©2022 |
| 300 | |a1 ressource en ligne (ii, 13 pages). |
| 336 | |atexte|btxt|2rdacontent/fre |
| 337 | |ainformatique|bc|2rdamedia/fre |
| 338 | |aressource en ligne|bcr|2rdacarrier/fre |
| 490 | 1 |aRésumé législatif ; |vn° 44-1-C18-F |
| 500 | |aPublié aussi en anglais sous le titre : Bill C-18: an Act respecting online communications platforms that make news content available to persons in Canada. |
| 500 | |a« Version préliminaire, non révisée. » |
| 500 | |a« Le 13 octobre 2022. » |
| 504 | |aComprend des références bibliographiques (page 13). |
| 650 | 6|aPresse|xDroit|zCanada. |
| 650 | 6|aMédias numériques|xDroit|zCanada|vLégislation. |
| 650 | 6|aÉdition sur Internet|xDroit|zCanada. |
| 710 | 1 |aCanada. |bService d'information et de recherche parlementaires, |eorganisme de publication. |
| 775 | 08|tBill C-18 : |w(CaOODSP)9.916446 |
| 830 | #0|aRésumé législatif (Canada. Service d'information et de recherche parlementaires)|vn° 44-1-C18-F.|w(CaOODSP)9.501179 |
| 856 | 40|qPDF|s776 Ko|uhttps://publications.gc.ca/collections/collection_2022/bdp-lop/ls/YM32-3-441-C18-fra.pdf |